| 000 | 00553nam a2200169Ia 4500 | ||
|---|---|---|---|
| 008 | 240729s9999 xx 000 0 und d | ||
| 022 | _a2592-8643 | ||
| 245 | 0 | _aHistory of Engineering Sciences and Institutions of Higher Education | |
| 260 | _aLatvia | ||
| 260 | _bRTU Press | ||
| 650 | _a Engineering (General). Civil engineering (General) | ||
| 650 | _a History (General) | Technology | ||
| 650 | _aHistory (General) and history of Europe | ||
| 856 | _uhttps://doaj.org/toc/52bd0d220d364138878c10fbc3ed6fd9 | ||
| 942 | _2ddc | ||
| 942 | _cDOAJEJ | ||
| 999 |
_c72369 _d72369 |
||
| 945 |
_a1 _bMadushi Gamage _c1 _dMadushi Gamage |
||